Aforismos bancarios o sean Los principios mas selectos para el régimen de los bancos de circulación (Record no. 161468)

MARC details
000 -LEADER
campo de control de longitud fija 00929nam a22001935i 4500
001 - NÚMERO DE CONTROL
campo de control 161468
003 - IDENTIFICADOR DE NÚMERO DE CONTROL
campo de control ES-MaACL
005 - FECHA Y HORA DE LA ÚLTIMA TRANSACCIÓN
campo de control 20251003164413.0
008 - DATOS DE LONGITUD FIJA--INFORMACIÓN GENERAL
campo de control de longitud fija 990519s1865 sp |||| | spa d
040 ## - FUENTE DE CATALOGACIÓN
Centro catalogador/agencia de origen CAM
Lengua de catalogación spa
Centro/agencia transcriptor CAM
100 1# - ENTRADA PRINCIPAL--NOMBRE DE PERSONA
Nombre de persona Pasaron y Lastra, Angel Justo.
9 (RLIN) 130870
245 10 - MENCIÓN DEL TÍTULO
Título Aforismos bancarios o sean Los principios mas selectos para el régimen de los bancos de circulación
Resto del título : escrito para acompañar a la obra de M. L. Wolowski titulada La cuestion de bancos /
Mención de responsabilidad, etc. por Angel Justo Pasaron y Lastra.
260 ## - PUBLICACIÓN, DISTRIBUCIÓN, ETC.
Lugar de publicación, distribución, etc. Madrid :
Nombre del editor, distribuidor, etc. [s.n.],
Fecha de publicación, distribución, etc. 1865 (
Fabricante Establecimiento tipográfico de Eduardo Cuesta)
300 ## - DESCRIPCIÓN FÍSICA
Extensión 40 p. ;
Dimensiones 23 cm.
650 #4 - PUNTO DE ACCESO ADICIONAL DE MATERIA--TÉRMINO DE MATERIA
Término de materia o nombre geográfico como elemento de entrada Bancos-
Subdivisión general Gestión.
9 (RLIN) 154539
700 1# - ENTRADA AGREGADA--NOMBRE PERSONAL
Nombre de persona Wolowski, Louis,
Fechas asociadas al nombre 1810-1876
9 (RLIN) 154526
852 ## - LOCALIZACIÓN
Ubicación ES-MaACL
Número de control de estantería T-157-F-2
Nota libre -- Enc. hol.
condición física -- Falto de la cub. original
Nota libre -- Enc. en un vol. facticio
Encuadernación -- Edic.: t245: Corregir "aforismo" por "aforsismos"
Holdings
Estatus retirado Estado de pérdida Estado de daño No para préstamo Colección Biblioteca de origen Biblioteca actual Ubicación en estantería Fecha de adquisición Total de préstamos Signatura topográfica completa Código de barras Visto por última vez Precio de reemplazo Tipo de ítem Koha
        Colección de folletos Biblioteca del Ateneo de Madrid Biblioteca del Ateneo de Madrid Depósito folletos 17/01/2008   T-157-F-2 1169132 23/02/2023 23/02/2023 Folleto